MARC

LEADER 00000nam0a2200000 4500
001 365034
005 20231102011739.0
035 |a (RuTPU)RU\TPU\retro\22397 
090 |a 365034 
100 |a 20211209d1980 m y0rusy50 ca 
101 0 |a rus 
102 |a RU 
105 |a a j 001zy 
200 1 |a Шельф как гидрогеологическая система  |e конспект лекций  |f А. Н. Павлов  |g Ленинградский гидрометеорологический институт 
210 |a Ленинград  |c Изд-во Ленинградского политехнического ин-та  |d 1980 
215 |a 54 с.  |c ил. 
320 |a Библиогр.: с. 53 
606 1 |a Шельфы  |x Гидрогеология  |2 stltpush  |3 (RuTPU)RU\TPU\subj\19145  |9 44447 
610 1 |a шельфовые области 
610 1 |a морфологические особенности 
610 1 |a геоструктурные особенности 
610 1 |a континентальные террасы 
610 1 |a гидрогеологические границы 
610 1 |a лекции 
610 1 |a учебные пособия 
675 |a 556.3(075.8)  |v 4 
700 1 |a Павлов  |b А. Н.  |g Александр Николаевич 
712 0 2 |a Ленинградский гидрометеорологический институт  |c (1945-1992)  |2 stltpush  |3 (RuTPU)RU\TPU\col\8522  |9 24543 
801 1 |a RU  |b 63413507  |c 20211209 
942 |c BK